00422nam a22001577a 4500003000700000005001700007008004100024020001800065082001900083100005300102245003600155260003100191300000800222490002900230650000500259MPLRDC20220104144307.0210129b ||||| |||| 00| 0 eng d a7-5065-1341-2 a859.6 SSSN v.5 a马哈茂德. 萨利姆著, 残玉, 郭晓勇著 a隐秘的绿洲, 生死搏斗c ab解放军出版社c1990 b平 a十三少年历险记; 5 a